00282nam a2200121Ia 4500008004100000100001800041245001800059260004100077300000900118650001100127942000700138999001500145190216s9999||||xx |||||||||||||| ||und|| aMarston Bates 0aMan In Nature bPrentice Hall Of India Pvt Ltdc1958 a116p aBotany cBK c1062d1062